01874nam a2200217 a 450000500170000000800410001704000230005804100080008104400070008910000270009624501670012326000530029030000100034352010950035365000220144865000250147066200590149570000230155470000300157785600490160720191224041837.0140129b2003 ck ||||| |||| 00| 0 spa d cCO-BoIHaCO-BoIAVH aspa ack aQuiceno, María Paula aCaracterización de uso de biodiversidad en el santuario de flora y fauna Otún-Quimbaya y zonas aledañas (La Suiza y La Florida)binforme final de resultados aBogotábInstituto Alexander von Humboldtc2003 a58 p. aPermite evidenciar los intereses que tienen las comunidades en cuanto al desarrollo de alternativas productivas basadas en el uso de productos silvestres, buscar nuevas oportunidades de manejo de otros recursos o definir estrategias de uso basadas en prácticas actuales que contribuyan a la conservación de estos. Esa tarea requiere el reconocimiento y definición de mecanismos de fortalecimiento de las estructuras culturales y sociales, que promuevan la protección y la transmisión interna del conocimiento referido al uso y manejo de los ecosistemas. En el presente informe se incluyen las caracterizaciones de uso de los recursos, tanto de flora como de fauna, reportados por las comunidades locales, los patrones culturales de uso y técnicas de apropiación del recurso. Se espera además, entender los procesos tradicionales en la relación comunidad - recurso y comunidad - entorno natural para entender las dinámicas de uso de los recursos, indagar acerca de las tradiciones culturales que rodean los recursos y finalmente, identificar las reglas de acceso al mismo aCaracterización aUso de biodiversidad aColombiacSantuario de Fauna y Flora Otún - Quimbaya aAngel E., Dafna C. aVieira M., María Isabel u http://hdl.handle.net/20.500.11761/32564